| 000 | 01001nam a2200265 a 4500 | ||
|---|---|---|---|
| 001 | 25743 | ||
| 003 | CO-ViMGA | ||
| 008 | 141112s2004 ck r 000 u spa d | ||
| 020 | _a9789586441544 | ||
| 040 |
_aCO-ViMGA _bspa _cCO-ViMGA |
||
| 041 | _aSPA | ||
| 082 | 0 | 4 | _a362.298 T67e |
| 100 | 1 |
_aTorres Bustamante, María Clara _939731 |
|
| 245 | 1 | 0 |
_aEstado y coca en la frontera colombiana : _bel caso de Putumayo / _cMaría Clara Torres Bustamante |
| 250 | _a1a ed. | ||
| 260 |
_aBogotá : _bOdecofi, _cCinep, _c2013 |
||
| 300 | _a171 p. : il., byn. | ||
| 490 | _aTerritorio, poder y conflicto | ||
| 500 | _aIncluye bibliografía general. | ||
| 650 | 1 | 4 |
_aCULTIVO DE COCA - PUTUMAYO (COLOMBIA) - 1991 - 2007 _939732 |
| 650 | 1 | 4 |
_aINDUSTRIA DE LA COCA - ASPECTOS ECONOMICOS - PUTUMAYO (COLOMBIA) _939733 |
| 650 | 1 | 4 |
_aINDUSTRIA DE LA COCA - ASPECTOS POLITICOS - PUTUMAYO (COLOMBIA) _939734 |
| 650 | 1 | 4 |
_aINDUSTRIA DE LA COCA - ASPECTOS SOCIALES - PUTUMAYO (COLOMBIA) _939735 |
| 942 |
_2ddc _cBK |
||
| 999 |
_c5310 _d5310 |
||